El delito de legitimación de capitales (Registro nro. 3582)
[ vista simple ]
| 000 -CABECERA | |
|---|---|
| campo de control de longitud fija | 00750aam a2200241 4500 |
| 005 - FECHA Y HORA DE ACTUALIZACIÓN | |
| campo de control | 20161101121658.0 |
| 008 - LONGITUD FIJA | |
| campo de control de longitud fija | 150303b xxu||||| |||| 00| 0 spa d |
| 041 ## - IDIOMA | |
| Código de idioma del texto/pista de sonido o título separado | |
| 082 ## - CLASIFICACIÓN DECIMAL DEWEY | |
| Número de clasificación | 364.106 C352de |
| 100 ## - AUTOR PERSONAL | |
| Nombre de persona | Castillo González, Teo |
| 245 ## - TÍTULO PROPIAMENTE DICHO | |
| Título | El delito de legitimación de capitales |
| 260 ## - PIE DE IMPRENTA | |
| Lugar de publicación, distribución, etc. | Costa Rica |
| Nombre del editor, distribuidor, etc. | Jurídica Continental |
| Fecha de publicación, distribución, etc. | 2012 |
| 300 ## - DESCRIPCIÓN FÍSICA | |
| Extensión | 164 páginas |
| 650 ## - Materia General | |
| Materia general | NARCOTRAFICO |
| 650 ## - Materia General | |
| Materia general | LAVADO DE DINERO |
| 650 ## - Materia General | |
| Materia general | LEGITIMACIÓN DE CAPITALES |
| 650 ## - Materia General | |
| Materia general | DELITOS CONTRA EL ORDEN ECONÓMICO |
| 650 ## - Materia General | |
| Materia general | DERECHO PENAL |
| 650 ## - Materia General | |
| Materia general | LEY DE PSICOTRÓPICOS |
| 650 ## - Materia General | |
| Materia general | LEY DE ANTICORRUPCIÓN |
| 650 ## - Materia General | |
| Materia general | DEFRAUDACIÓN FISCAL |
| 942 ## - Punto de Acceso Adicional Koha | |
| Tipo de ítem Koha | Libro |
No hay ítems disponibles.